| 000 | 00509nam a2200169 i 4500 | ||
|---|---|---|---|
| 001 | 141186 | ||
| 003 | ES-MaACL | ||
| 005 | 20230906200236.0 | ||
| 007 | t| | ||
| 008 | 070920s1969 sp ||||1| spa d | ||
| 100 | 1 |
_aVittorini, Elio. _9115531 |
|
| 245 | 1 | 0 |
_aColoquio en Sicilia _b: novela / _cElio Vittorini ; [traducción de Justino Marín]. |
| 260 |
_a[Barcelona : _bPlaza y Janés, _c1969] |
||
| 300 |
_a198 p. ; _c19 cm. |
||
| 700 | 1 |
_aMarín, Justino. _976746 |
|
| 852 |
_aES-MaACL _jC-36486 _bR.70450 |
||
| 999 |
_c141186 _d141186 |
||